00494nam a2200169Ia 450000500170000000800410001702000180005804100120007608200150008810000250010324500610012825000120018926000720020130000180027365000120029165000210030320260429112045.0260429s9999||||xx |||||||||||||| ||und|| a9788119105755 aEnglish a571.2bVIN aVines, Sydney Howard 0aHandbook of the plant physiology / cSydney Howard Vines a1st ed. aDelhi : bInternational Books and Periodical Supply Service,c2024. ax, 710 p.; hb a Botany aPlant physiology